| 000 | 00829nam a2200265 i 4500 | ||
|---|---|---|---|
| 001 | bgj | ||
| 100 | 1 |
_aKAFKA, Franz _d(1883-1924) |
|
| 245 | 1 | 0 |
_aThe Trial / _cFranz Kafka ; with a epilogue by Max Brod ; translated from the German by Willa and Edwin Muir. |
| 260 |
_aLondon : _bPenguin Books, _c19??. |
||
| 300 |
_a255, [1] pp ; _c20 cm. |
||
| 490 | 1 | _aPenguin Twentieth-Century Classics | |
| 500 | _aTranslation of "Der Prozess". | ||
| 650 | 9 | _aAustrian literature | |
| 650 | 9 | _aNon-English literature | |
| 700 | 1 |
_aMUIR, Willa. _etranslator |
|
| 700 | 1 |
_aMUIR, Edwin. _etranslator |
|
| 700 | 1 | _aBROD, Max | |
| 830 | _aPenguin Twentieth-Century Classics | ||
| 020 | _a014018113X | ||
| 040 | _cBPK | ||
| 041 | 0 |
_aeng _hger |
|
| 920 | _a0-14-018113-X | ||
| 942 | _cKS | ||
| 008 | s uk f |000 0 eng | ||
| 999 |
_c48785 _d48785 |
||
| 856 |
_uhttp://koha.tu.koszalin.pl/cgi-bin/koha/opac-detail.pl?biblionumber=48785 _yKatalog online BPK |
||